| 000 | 00362nam a22001577a 4500 | ||
|---|---|---|---|
| 003 | SGT | ||
| 020 | _a978-81-239-1482-4 | ||
| 082 |
_a570.285 _bRAS |
||
| 100 | _aRASTOGI, S.C. | ||
| 245 | _aBIOINFORMATICS CONCEPTS SKILL & APPLICATIONS | ||
| 250 | _a2ND | ||
| 260 |
_aINDIA _bCBS PUB. _c2025 |
||
| 300 | _a426 | ||
| 650 | _aBIOINFORMATICS | ||
| 942 |
_2ddc _cBK |
||
| 999 |
_c32920 _d32920 |
||